000 00801nam a2200265 i 4500
001 000033690
003 DO-SdBNP
005 20241113084804.0
007 ta
008 110906s1966 xxu 000 0 spa d
040 _aDO-SdBNP
_bspa
_cBNPHU
_erda
082 _axxxx
_bA171
_222
245 0 0 _aAcción dominicana-1965 :
_b¿intervención o cooperación? /
264 1 _aWashington, Estados Unidos :
_bCentro de Estudios Estratégicos,
_c1966.
264 3 _aMéxico :
300 _a89 páginas
_c19 cm.
336 _atexto
_btxt
_2rdacontent
337 _asin mediación
_bn
_2rdamedia
338 _avolumen
_bnc
_2rdacarrier
490 1 _aInformes especiales
_v2
590 _aInventariado, 2024/ YL
830 0 _aSerie de informe especiales
_v2
_959144
910 _aYLockward
942 _2ddc
_cLBS1
999 _c33181
_d33181